[Event "Doha op"]
[Site "Doha"]
[Date "1992.??.??"]
[Round "2"]
[White "Murshed, Niaz"]
[Black "Guseinov, Aidyn"]
[Result "1/2-1/2"]
[WhiteElo "2505"]
[BlackElo "2385"]

1.d4 Nf6 2.c4 g6 3.Nc3 Bg7 4.e4 d6 5.Nf3 O-O 6.Be2 e5 7.dxe5 dxe5 8.Qxd8 Rxd8
9.Bg5 Re8 10.Nd5 Nxd5 11.cxd5 c6 12.Bc4 cxd5 13.Bxd5 Na6 14.O-O-O Nc7 15.Bb3 Be6
16.Be3 Bxb3 17.axb3 Red8 18.Rxd8+ Rxd8 19.Rd1 Rxd1+ 20.Kxd1 b6 21.Kc2 f6
22.Nd2 Kf7 23.Kd3 Ke6 24.Nb1 Kd6 25.Nc3 Kc6 26.g4 g5 27.Ne2  1/2-1/2

[Event "Doha op"]
[Site "Doha"]
[Date "1992.??.??"]
[Round "4"]
[White "Murshed, Niaz"]
[Black "Kuzmin, Alexey"]
[Result "1/2-1/2"]
[WhiteElo "2505"]
[BlackElo "2545"]

1.d4 Nf6 2.c4 g6 3.Nc3 Bg7 4.e4 d6 5.Nf3 O-O 6.Be2 e5 7.dxe5 dxe5 8.Qxd8 Rxd8
9.Bg5 Re8 10.Nd5 Nxd5 11.cxd5 c6 12.Bc4 cxd5 13.Bxd5 Nd7 14.Nd2 Nc5 15.O-O-O Ne6
16.Be3 Nf4 17.Bxf4 exf4 18.f3 Be6 19.Nb3 Re7 20.Rd2 Rc8+ 21.Kb1 Kf8 22.Bxe6 fxe6
23.Rc1 Rxc1+ 24.Kxc1 Ke8 25.Kd1 Be5 26.Nc5 g5 27.Ke2 b6 28.Nd3 Bd6 29.Rc2 Kd7
30.a4  1/2-1/2

[Event "Doha op"]
[Site "Doha"]
[Date "1992.??.??"]
[Round "11"]
[White "Murshed, Niaz"]
[Black "Tilak, Sharad S"]
[Result "1-0"]
[WhiteElo "2505"]
[BlackElo "2315"]

1.d4 Nf6 2.c4 g6 3.Nc3 Bg7 4.e4 d6 5.Nf3 O-O 6.Be2 e5 7.d5 a5 8.O-O Na6 9.Be3 Ng4
10.Bg5 f6 11.Bd2 f5 12.Ne1 Nf6 13.exf5 gxf5 14.f4 Nc5 15.Nd3 Nxd3 16.Bxd3 Ng4
17.Be2 c6 18.Bxg4 fxg4 19.Qe2 exf4 20.Bxf4 Bf5 21.Qd2 Qf6 22.Rad1 Qg6 23.dxc6 bxc6
24.Bxd6 Rfe8 25.Ne2 Bc2 26.Nf4 Qe4 27.Rc1 Qd4+ 28.Rf2 Be4 29.Nh5 Re6 30.Nxg7 Qxd2
31.Rxd2 Kxg7 32.Rf1 Rae8 33.Rf4 h5 34.Kf2 Kg6 35.h4 Bb1 36.a4 Re4 37.Rxe4 Bxe4
38.Bc7 Rf8+ 39.Ke3 Bb1 40.Rd6+ Rf6 41.Rxf6+ Kxf6 42.Bxa5 Bc2 43.Bc3+ Ke6
44.a5 Kd6 45.b4 Bd1 46.Be5+  1-0

[Event "Dortmund op-A"]
[Site "Dortmund"]
[Date "1992.??.??"]
[Round "1"]
[White "Piskov, Yury"]
[Black "Werner, Clemens"]
[Result "1/2-1/2"]
[WhiteElo "2500"]
[BlackElo "2265"]

1.d4 Nf6 2.c4 d6 3.Nf3 g6 4.Nc3 Bg7 5.e4 O-O 6.Be2 e5 7.d5 a5 8.Bg5 Na6 9.Nd2 Qe8
10.a3 Bd7 11.O-O h6 12.Be3 Nh7 13.Rc1 Qe7 14.Kh1 b6 15.Nb5 f5 16.exf5 gxf5
17.f3 f4 18.Bf2 e4 19.Nxe4 Bxb2 20.Rc2 Be5 21.Bd3 Kh8 22.Bd4 Bxd4 23.Nxd4 Qg7
24.Qa1 Rae8 25.Re2 Ng5 26.Rfe1 Nxe4 27.Bxe4 Nc5 28.Rg1 Re5 29.g3 Rg5 30.gxf4 Rxf4
31.Rxg5 hxg5 32.Qg1 Qf6 33.Re1 Bg4 34.Qe3 Nxe4 35.fxe4 Rf1+ 36.Rxf1 Qxf1+
37.Qg1 Bf3+ 38.Nxf3 Qxf3+ 39.Qg2 Qd1+ 40.Qg1 Qf3+ 41.Qg2 Qxa3 42.Qg4 Qc1+
43.Kg2 Qd2+ 44.Kg1 Qe3+ 45.Kg2 Qd2+ 46.Kg1 Qd4+ 47.Kg2 Qb2+ 48.Kg1 Qc1+ 49.Kg2 Qc2+  1/2-1/2

[Event "Dortmund op-A"]
[Site "Dortmund"]
[Date "1992.??.??"]
[Round "1"]
[White "Nickl, Klaus"]
[Black "Mowsziszian, Karen"]
[Result "0-1"]
[WhiteElo "2220"]
[BlackElo "2440"]

1.d4 Nf6 2.c4 g6 3.Nc3 Bg7 4.e4 d6 5.Nf3 O-O 6.Be2 Nbd7 7.O-O e5 8.Re1 c6
9.Bf1 a5 10.Rb1 Re8 11.d5 Nc5 12.b3 Bd7 13.Nd2 Rc8 14.a3 cxd5 15.cxd5 Rf8
16.Nc4 Ne8 17.a4 f5 18.Be3 f4 19.Bxc5 Rxc5 20.f3 g5 21.Nb5 Bxb5 22.axb5 Rxb5
23.Ne3 Rc5 24.Nf5 Qb6 25.Kh1 Qb4 26.Qd3 Rf7 27.Rec1 Rfc7 28.Rc4 Qb6 29.Rxc5 Rxc5
30.b4 axb4 31.Qb3 Bf8 32.Qxb4 Qxb4 33.Rxb4 Rc7 34.Rb6 Nf6 35.Kg1 Nd7 36.Rb2 Kf7
37.Kf2 Nc5 38.Rb6 Na4 39.Nxd6+ Kg8 40.Rb4 Rc2+ 41.Ke1 Ra2 42.Rxa4 Rxa4 43.Nxb7 Ra7
44.Nd8 Bb4+ 45.Kd1 Ra1+ 46.Ke2 Ra2+ 47.Kd1 Rf2 48.Bc4 Rxg2 49.d6+ Kg7 50.Nf7 Rxh2
51.Bd5 Rd2+ 52.Kc1 Rxd5  0-1

[Event "Dortmund op-A"]
[Site "Dortmund"]
[Date "1992.??.??"]
[Round "3"]
[White "Groszpeter, Attila"]
[Black "Pachow, Joerg"]
[Result "1-0"]
[WhiteElo "2495"]
[BlackElo "2240"]

1.d4 Nf6 2.c4 g6 3.Nc3 Bg7 4.e4 d6 5.Nf3 O-O 6.Be2 e5 7.O-O Nbd7 8.Qc2 Re8
9.Rd1 exd4 10.Nxd4 a6 11.Bg5 h6 12.Bh4 g5 13.Bg3 Ne5 14.Rac1 Bd7 15.b4 Qe7
16.b5 axb5 17.cxb5 b6 18.a4 Be6 19.Nxe6 fxe6 20.Na2 Ra7 21.Nb4 Nfd7 22.Na6 Nc5
23.a5 Nxa6 24.bxa6 bxa5 25.Qa4 Nd7 26.Rxc7 Rxc7 27.Bxd6 Rc1 28.Bxe7 Rxd1+
29.Qxd1  1-0

[Event "Dortmund op-A"]
[Site "Dortmund"]
[Date "1992.??.??"]
[Round "3"]
[White "Schulze, HH."]
[Black "Beckemeier, Werner"]
[Result "0-1"]
[WhiteElo "2265"]
[BlackElo "2400"]

1.d4 Nf6 2.c4 d6 3.Nc3 Nbd7 4.e4 e5 5.Nf3 g6 6.Be2 Bg7 7.O-O O-O 8.Be3 c6
9.dxe5 dxe5 10.Ne1 Qe7 11.Qc2 Nc5 12.f3 Ne6 13.Rd1 Nd4 14.Qc1 Be6 15.b3 Rad8
16.Nc2 Nh5 17.Kh1 a6 18.g4 Nxc2 19.Qxc2 Nf4 20.Bb6 Rxd1 21.Qxd1 Bc8 22.Na4 Ne6
23.Qd2 Re8 24.Rb1 Qf6 25.Qe3 Bf8 26.Rd1 Be7 27.Kg2 Kg7 28.Nc5 Nf4+ 29.Kg1 Bxc5
30.Bxc5 h5 31.Kh1 hxg4 32.fxg4 Rh8 33.Bd6 Qg5 34.Rg1 Rxh2+  0-1

[Event "Dortmund op-A"]
[Site "Dortmund"]
[Date "1992.??.??"]
[Round "4"]
[White "Levin, Felix"]
[Black "Werner, Clemens"]
[Result "1-0"]
[WhiteElo "2445"]
[BlackElo "2265"]

1.d4 Nf6 2.c4 d6 3.Nf3 g6 4.Nc3 Bg7 5.e4 O-O 6.Be2 e5 7.Be3 c6 8.d5 c5 9.Nd2 Ne8
10.g4 a6 11.a4 b6 12.h4 f6 13.h5 a5 14.hxg6 hxg6 15.Nf1 g5 16.Ng3 Ra7 17.Kd2 Rff7
18.Bd3 Bf8 19.Qf3 Rh7 20.Rh5 Raf7 21.Rah1 Qd7 22.Be2 Ba6 23.b3 Bc8 24.Kc1 Na6
25.Bd2 Nac7 26.Nd1 Bb7 27.Ne3 Bc8 28.R1h2 Bb7 29.Nef5 Bc8 30.Kb2 Bb7 31.Be3 Bc8
32.Qh1 Bb7 33.Nf1 Bc8 34.Nd2 Kh8 35.Nf3 Rxh5 36.Rxh5+ Rh7 37.Bxg5 fxg5 38.Nxg5 Rxh5
39.Qxh5+ Kg8 40.Qg6+ Bg7 41.Nh6+ Kf8 42.Nh7+ Ke7 43.Nf5+ Kd8 44.Qg5+  1-0

[Event "Dortmund op-A"]
[Site "Dortmund"]
[Date "1992.??.??"]
[Round "5"]
[White "Boensch, Uwe"]
[Black "Kofidis, Andreas"]
[Result "1-0"]
[WhiteElo "2500"]
[BlackElo "2350"]

1.d4 Nf6 2.c4 g6 3.Nc3 Bg7 4.e4 d6 5.Be2 Nbd7 6.Nf3 e5 7.O-O O-O 8.Qc2 exd4
9.Nxd4 Nc5 10.Nb3 Nxb3 11.axb3 Ng4 12.Bxg4 Bxg4 13.Be3 a5 14.Qd2 Re8 15.Bd4 Be6
16.f4 f5 17.exf5 Bxf5 18.Nd5 c6 19.Bb6 Qd7 20.Nc7 c5 21.Nxe8 Bd4+ 22.Qxd4  1-0

[Event "Dortmund op-A"]
[Site "Dortmund"]
[Date "1992.??.??"]
[Round "7"]
[White "Koerholz, Ludger"]
[Black "Kofidis, Andreas"]
[Result "1-0"]
[WhiteElo "2255"]
[BlackElo "2350"]

1.d4 Nf6 2.c4 g6 3.Nc3 Bg7 4.e4 d6 5.Nf3 O-O 6.Be2 Nbd7 7.O-O e5 8.Re1 Re8
9.Bf1 exd4 10.Nxd4 Nc5 11.f3 a5 12.Ndb5 Bd7 13.Be3 Bxb5 14.Nxb5 Nfd7 15.Qd2 Ne6
16.Rac1 Ne5 17.Red1 b6 18.b3 h5 19.Nc3 Nc6 20.Qf2 Ne5 21.Nd5 c5 22.a3 Nc6
23.Rb1 Ned4 24.b4 axb4 25.axb4 Ra3 26.Qg3 h4 27.Qf2 h3 28.Bc1 Ra4 29.Be3 hxg2
30.Bxg2 Ra3 31.b5 Ne7 32.Bg5 Ne6 33.Bf6 Nxd5 34.Bxd8 Nc3 35.Bxb6 Nxd1 36.Rxd1 Bd4
37.Rxd4 Nxd4 38.Bc7 Ra1+ 39.Bf1 Rea8 40.b6 R8a2 41.b7 Nc6 42.Qg3  1-0

[Event "Dortmund op-A"]
[Site "Dortmund"]
[Date "1992.??.??"]
[Round "7"]
[White "Stoll, Alexander"]
[Black "Kaminski, Marcin"]
[Result "0-1"]
[WhiteElo "2255"]
[BlackElo "2360"]

1.c4 g6 2.Nc3 Bg7 3.d4 Nf6 4.e4 d6 5.Nf3 O-O 6.Be2 e5 7.dxe5 dxe5 8.Qxd8 Rxd8
9.Bg5 c6 10.Nxe5 Re8 11.O-O-O Na6 12.Rd6 Bf8 13.Rxf6 Rxe5 14.Bf4 Re8 15.Bd6 Kg7
16.e5 Bxd6 17.Rxd6 Rxe5 18.Rd8 Nc7 19.Rhd1 Re7 20.Bf3 Bf5 21.Rxa8 Nxa8 22.c5 Nc7
23.b4 Re5 24.a3 a5 25.g4 Be6 26.Rd4 Re1+ 27.Kd2 Ra1 28.a4 Na6 29.bxa5 Nxc5
30.Rb4 Nb3+ 31.Ke3 Nxa5 32.Kd4 Ra3 33.Kd3 Ra1 34.Bd1 c5 35.Rb6 Ra3 36.g5 Bf5+  0-1

[Event "Dortmund op-A"]
[Site "Dortmund"]
[Date "1992.??.??"]
[Round "8"]
[White "Danner, Georg"]
[Black "Erker, Egon"]
[Result "1-0"]
[WhiteElo "2355"]
[BlackElo "2250"]

1.d4 Nf6 2.c4 g6 3.Nc3 Bg7 4.e4 d6 5.Nf3 O-O 6.Be2 e5 7.d5 a5 8.Bg5 h6 9.Bh4 Qe8
10.Nd2 Na6 11.a3 Bd7 12.b3 g5 13.Bg3 Nxe4 14.Ndxe4 f5 15.Bd3 fxe4 16.Nxe4 Bf5
17.O-O Qg6 18.Qc2 b6 19.Rae1 h5 20.h3 g4 21.hxg4 Qxg4 22.f3 Qg6 23.Bh4 Rf7
24.Qb1 Nc5 25.b4 Nb7 26.Qc2 Bh6 27.Re2 Raf8 28.Nf2 Bg5 29.Bxf5 Rxf5 30.Bxg5 Qxg5
31.Ne4 Qg7 32.Kf2 Rf4 33.Ke1 axb4 34.axb4 Ra8 35.Kf2 h4 36.Rh1 Rxe4 37.Qxe4 Qg3+
38.Ke3 Ra3+ 39.Kd2  1-0

[Event "Dortmund op-A"]
[Site "Dortmund"]
[Date "1992.??.??"]
[Round "8"]
[White "Przewoznik, Jan"]
[Black "Degenhardt, Horst"]
[Result "1/2-1/2"]
[WhiteElo "2415"]
[BlackElo "2305"]

1.Nf3 d6 2.d4 Nf6 3.c4 g6 4.Nc3 Bg7 5.e4 O-O 6.Be2 e5 7.Be3 c6 8.dxe5 dxe5
9.Qxd8 Rxd8 10.O-O Bg4 11.Rfd1 Nbd7 12.Rd2 Bf8 13.Rad1 Re8 14.h3 Bxf3 15.Bxf3 Nc5
16.b4 Ne6 17.a3 a5 18.c5 axb4 19.axb4 Ra3 20.Rd3 Rea8 21.g3 Kg7 22.Ne2 Rxd3
23.Rxd3 Ra1+ 24.Kg2 Ra2 25.Bd2 b6 26.cxb6 Bxb4 27.Nc3 Rb2 28.b7 Be7 29.Na4 Rxb7
30.Bc3 Rb5 31.h4 Bb4 32.Bb2 Ba5 33.Ba1 Rb4 34.Ra3 Bc7 35.Bc3 Rb7 36.Nb2 c5
37.Nd3 Nd4 38.Nxc5 Rb6 39.Nd3 Rb5 40.Bxd4 exd4 41.Ra4 Bb6 42.e5 Nd7 43.Bc6  1/2-1/2

[Event "Dortmund op-A"]
[Site "Dortmund"]
[Date "1992.??.??"]
[Round "9"]
[White "Gebhardt, Ulrich"]
[Black "Kersten, Uwe"]
[Result "1/2-1/2"]
[WhiteElo "2245"]
[BlackElo "2325"]

1.d4 Nf6 2.c4 g6 3.Nc3 Bg7 4.e4 d6 5.Nf3 O-O 6.Be2 e5 7.O-O Nbd7 8.Re1 c6
9.Bf1 a5 10.h3 exd4 11.Nxd4 Re8 12.Qc2 Nc5 13.Bf4 Nh5 14.Be3 Qe7 15.Rad1 Bd7
16.g4 Nf6 17.Bf4 h5 18.f3 hxg4 19.hxg4 Nh7 20.Qf2 Be5 21.Be3 Ne6 22.Nxe6 Bxe6
23.Rd2 g5 24.Ne2 Nf8 25.Ng3 Qf6 26.Nh5 Qg6 27.Bd4 Nd7 28.Red1 Nf6 29.Ng3 Bf4
30.Be3 Be5 31.Nf5 Bxf5 32.gxf5 Qh6 33.Bd4 Kg7 34.Bxe5 dxe5 35.Qg3 Qh4 36.Rg2 Qxg3
37.Rxg3 g4 38.Bh3 Rad8 39.Rxd8 Rxd8 40.Bxg4 Rd1+ 41.Kh2 Rd2+ 42.Rg2 Rxg2+
43.Kxg2 Kh6 44.Bh3 Kg5 45.Kf2 Kf4 46.Bf1 Nd7 47.Bd3 f6 48.a3 c5 49.Bc2 Nb6
50.Bb3 Nc8 51.Ba4 Nd6 52.Bb5 b6 53.Ke2 Nf7 54.Be8 Ng5 55.Bh5 Nh3 56.Bg4 Ng5
57.Bh5  1/2-1/2

[Event "Dortmund op-A"]
[Site "Dortmund"]
[Date "1992.??.??"]
[Round "11"]
[White "Koerholz, Ludger"]
[Black "Beckemeier, Werner"]
[Result "0-1"]
[WhiteElo "2255"]
[BlackElo "2400"]

1.d4 Nf6 2.c4 d6 3.Nc3 Nbd7 4.e4 e5 5.Nf3 g6 6.Be2 Bg7 7.O-O O-O 8.Re1 c6
9.Bf1 a6 10.d5 cxd5 11.cxd5 b5 12.b4 Nb6 13.a4 bxa4 14.Nxa4 Bd7 15.Nc3 Qc7
16.Qb3 Rfc8 17.Ra3 Nc4 18.Ra2 Bb5 19.Nxb5 axb5 20.Rc2 Qb7 21.Bd3 Qa6 22.Nd2 Nb6
23.Rxc8+ Rxc8 24.Bb2 Bh6 25.Ra1 Na4 26.Nb1 Qb6 27.Nc3 Nxb2 28.Bxb5 Nd3 29.Bc6 Qxf2+
30.Kh1 Ne1  0-1

[Event "Dresden op"]
[Site "Dresden"]
[Date "1992.??.??"]
[Round "?"]
[White "Kaminski, Uwe"]
[Black "Uhlmann, Wolfgang"]
[Result "1/2-1/2"]
[WhiteElo "2400"]
[BlackElo "2480"]

1.d4 Nf6 2.c4 g6 3.Nc3 Bg7 4.e4 d6 5.Nf3 O-O 6.Be2 e5 7.dxe5 dxe5 8.Qxd8 Rxd8
9.Bg5 Re8 10.Nd5 Nxd5 11.cxd5 c6 12.Bc4 cxd5 13.Bxd5 Nd7 14.Nd2 h6 15.Be3 Nf6
16.Bb3 Ng4 17.Bc5 Bf8 18.Bxf8 Kxf8 19.f3 Nf6 20.Rc1 Be6 21.Ke2 Bxb3 22.Nxb3 Rac8
23.Rxc8 Rxc8 24.Rc1 Rxc1 25.Nxc1 Ke7 26.Nd3 Kd6 27.Kd2 Nd7 28.Kc3 Nf8 29.Kd2 Ne6
30.Ke3 f6 31.Kd2 a5 32.Kc3 h5 33.Kd2 h4 34.Ke3 Kc6 35.g3 hxg3 36.hxg3 Nc5
37.Kd2 Ne6 38.Ke3 Nd4 39.f4 Kd6 40.fxe5+ fxe5 41.Kd2 b6 42.Ke3 Ke6 43.Ne1 Kf6
44.Nf3 Ne6 45.g4 b5 46.b3 Nc5 47.g5+ Ke6 48.Nh4 Kf7 49.Nf3 Nd7 50.Kd2 Ke6
51.Nh4 Nf8 52.Kc3 Kd6 53.b4 a4 54.Kd3 Ne6 55.Nf3 Nd8 56.Nh4 Nc6 57.a3 Ne7
58.Nf3 Ke6 59.Nh4 Kf7 60.Nf3 Nc6 61.Kc3 Ke6 62.Kd3 Nd8 63.Nh4 Nf7 64.Nf3 Nd6
65.Nd2 Nf7 66.Nf3 Nd8 67.Kc3 Nc6 68.Kd3 Kd6 69.Kc3 Nd8 70.Kd3 Ne6 71.Ke3 Nf4
72.Kd2  1/2-1/2

[Event "Dubai Asian Cities"]
[Site "Dubai"]
[Date "1992.??.??"]
[Round "8"]
[White "Mishra, Neeraj Kumar"]
[Black "West, Guy"]
[Result "0-1"]
[WhiteElo "2335"]
[BlackElo "2410"]

1.d4 d6 2.Nf3 g6 3.c4 Nf6 4.Nc3 Bg7 5.e4 O-O 6.Be2 Nbd7 7.O-O e5 8.Be3 Ng4
9.Bg5 f6 10.Bc1 Nh6 11.d5 Kh8 12.b4 a5 13.b5 f5 14.Bg5 Qe8 15.b6 Nf7 16.bxc7 f4
17.Nb5 Nc5 18.Bd3 Bg4 19.Bd8 Qd7 20.h3 Bh5 21.Nc3 Nxd8 22.cxd8=Q Qxd8 23.Be2 g5
24.Nd2 Bg6 25.Bh5 Qe8 26.Bxg6 Qxg6 27.f3 a4 28.Rb1 Bf6 29.Rb5 Bd8 30.Qe2 Ba5
31.Rc1 h5 32.Nf1 g4 33.hxg4 hxg4 34.fxg4 Rf7 35.Nd2 Rh7 36.Qf3 Rh4 37.Kf2 Kg8
38.Rxc5 Bb6 39.Rc2 Bxc5+ 40.Ke1 Qxg4 41.Qxg4+ Rxg4 42.Nf3 Kf7 43.Nb5 Rag8  0-1

[Event "Wch U18"]
[Site "Duisburg"]
[Date "1992.??.??"]
[Round "3"]
[White "Kumaran, Dharshan"]
[Black "Agamaliev, Djamil"]
[Result "1/2-1/2"]
[WhiteElo "2380"]
[BlackElo "2350"]

1.d4 Nf6 2.c4 g6 3.Nc3 Bg7 4.e4 d6 5.Nf3 O-O 6.Be2 e5 7.d5 a5 8.Be3 Ng4 9.Bg5 f6
10.Bh4 Na6 11.Nd2 Nh6 12.a3 Bd7 13.O-O Nf7 14.Rb1 Nc5 15.b4 axb4 16.axb4 Na4
17.Nxa4 Rxa4 18.c5 Qa8 19.Nc4 Qa7 20.b5 dxc5 21.b6 Qb8 22.Qc2 Rd8 23.f3 Be8
24.Rb2 g5 25.Bf2 Bf8 26.Rfb1 Rb4 27.Be1 Rxb2 28.Rxb2 c6 29.Ne3 Kh8 30.h4 h6
31.Bc4 Nd6 32.Bf2 Nxc4 33.Qxc4 Bf7 34.Rd2 Qa8 35.Qc3 cxd5 36.Nxd5 Bxd5 37.exd5 Bd6
38.Qc2 Rg8 39.Rd1 Qc8 40.hxg5 hxg5 41.g4 Kg7 42.Rc1 Qd7 43.Kg2 Qf7 44.Qf5 Qe7  1/2-1/2

[Event "Wch U18"]
[Site "Duisburg"]
[Date "1992.??.??"]
[Round "4"]
[White "Agamaliev, Djamil"]
[Black "Langier, Daniel"]
[Result "1/2-1/2"]
[WhiteElo "2350"]
[BlackElo "2305"]

1.d4 Nf6 2.Nf3 g6 3.c4 Bg7 4.Nc3 O-O 5.e4 d6 6.Be2 e5 7.d5 c5 8.O-O Na6 9.a3 h6
10.Ne1 Nh7 11.f4 f5 12.exf5 Bxf5 13.fxe5 Bxe5 14.Nf3 Bg7 15.Bf4 Nc7 16.Qd2 g5
17.Bg3 Qd7 18.Bd3 Rae8 19.Bxf5 Rxf5 20.Rfe1 Nf6 21.Qd3 Rf8 22.Ne4 Nxe4 23.Rxe4 b5  1/2-1/2

[Event "Wch U18"]
[Site "Duisburg"]
[Date "1992.??.??"]
[Round "5"]
[White "Kumaran, Dharshan"]
[Black "Schweda, Roland"]
[Result "0-1"]
[WhiteElo "2380"]
[BlackElo "2235"]

1.d4 Nf6 2.c4 g6 3.Nc3 Bg7 4.e4 d6 5.Nf3 O-O 6.Be2 e5 7.d5 a5 8.Be3 Na6 9.Nd2 Ne8
10.O-O f5 11.exf5 gxf5 12.f4 Nf6 13.Kh1 Qe8 14.fxe5 dxe5 15.c5 f4 16.Bg1 Qg6
17.Nc4 Qg5 18.Bf3 Bf5 19.Nd2 Qg6 20.Re1 Bc2 21.Qe2 Bd3 22.Qd1 Bc2 23.Qe2 Bd3
24.Qf2 Nb4 25.Rxe5 Nc2 26.Rc1 Ng4 27.Bxg4 Bxe5 28.Nf3 Bf6 29.Be6+ Kh8 30.Qd2 c6
31.Rd1 Bf5 32.a3 Rfe8 33.Qxf4 Bxe6 34.dxe6 Rxe6 35.Rd7 Rg8 36.g3 Re7 37.Rxe7 Bxe7
38.Nd4 Rf8 39.Qc7 Qf6 40.Ne4 Qf7 41.Qe5+ Kg8 42.h4 Qd5 43.Qxe7 Nxd4 44.Bxd4 Qxd4
45.Ng5 Qd1+ 46.Kh2 Rf2+ 47.Kh3 Qf1+ 48.Kg4 Qe2+ 49.Qxe2 Rxe2 50.b4 axb4 51.axb4 Rb2
52.Kf5 Rxb4 53.Ke5 b6 54.Kd6 bxc5 55.Kxc6 Rg4 56.Kxc5 Rxg3 57.Kd5 Rg4 58.Ke6 Rxh4
59.Kf5  0-1

[Event "Wch U16"]
[Site "Duisburg"]
[Date "1992.??.??"]
[Round "6"]
[White "Papaioannou, Ioannis"]
[Black "Almasi, Zoltan"]
[Result "0-1"]
[WhiteElo "2335"]
[BlackElo "2470"]

1.Nf3 Nf6 2.d4 g6 3.c4 Bg7 4.Nc3 O-O 5.e4 d6 6.Be2 e5 7.Be3 h6 8.O-O Ng4
9.Bc1 Nc6 10.d5 Ne7 11.Ne1 h5 12.Nf3 f6 13.Rb1 Nh6 14.h3 Nf7 15.b4 Bd7 16.c5 Kh7
17.a4 Rg8 18.Bc4 b6 19.Bb5 Bc8 20.cxb6 cxb6 21.a5 bxa5 22.bxa5 Qxa5 23.Bd2 Qc7
24.Qa4 g5 25.Be8 Nh6 26.Bc6 Nxc6 27.dxc6 Bf8 28.Nd5 Qg7 29.Nh2 f5 30.exf5 Nxf5
31.Ba5 Nd4 32.Qd1 g4 33.Nc7 Qg6 34.h4 Nxc6 35.Nxa8 Nxa5 36.Qd5 Bf5 37.Rb8 Be4
38.Qxa5 g3 39.fxg3 Qxg3 40.Rf2 Bxg2 41.Nf1 Bxf1+ 42.Kxf1 Qd3+ 43.Re2 Qf3+
44.Ke1 Rg1+ 45.Kd2 Bh6+  0-1

[Event "Wch U16"]
[Site "Duisburg"]
[Date "1992.??.??"]
[Round "10"]
[White "Papaioannou, Ioannis"]
[Black "Hausrath, Daniel"]
[Result "1-0"]
[WhiteElo "2335"]
[BlackElo "2310"]

1.d4 Nf6 2.c4 g6 3.Nc3 Bg7 4.e4 d6 5.Nf3 O-O 6.Be2 e5 7.Be3 exd4 8.Nxd4 Re8
9.f3 c6 10.Qd2 d5 11.exd5 cxd5 12.O-O Nc6 13.c5 Rxe3 14.Qxe3 Qf8 15.Nxc6 bxc6
16.Na4 Be6 17.Rad1 Rb8 18.a3 Bh6 19.Qf2 Qe7 20.Rfe1 Nh5 21.b4 Bf4 22.Bf1 Qc7
23.g3 Be5 24.Qd2 Bg7 25.Bg2 Nf6 26.Nb2 h5 27.Nd3 Bf5 28.Qf4 Qxf4 29.Nxf4 g5
30.Ne2 Bc2 31.Rd2 Ba4 32.Nd4 Nd7 33.f4 gxf4 34.gxf4 Bh6 35.Rf2 Bf8 36.Bf3 Nf6
37.Bd1 Bxd1 38.Rxd1 Ne4 39.Rg2+ Kh8 40.Nxc6  1-0

[Event "Eger Agria"]
[Site "Eger"]
[Date "1992.??.??"]
[Round "?"]
[White "Ptaschinski, Dirk"]
[Black "Meszaros, Andras"]
[Result "1-0"]
[WhiteElo "2220"]
[BlackElo "2320"]

1.d4 Nf6 2.Nf3 g6 3.c4 Bg7 4.Nc3 O-O 5.e4 d6 6.Be2 Na6 7.O-O e5 8.Re1 Qe8
9.dxe5 dxe5 10.h3 c6 11.Be3 Nd7 12.Nd2 Ndc5 13.b4 Ne6 14.a3 f5 15.f3 f4 16.Bf2 Nac7
17.c5 Nd4 18.Bf1 g5 19.Nc4 Qg6 20.Nd6 h5 21.Ne2 Nxf3+ 22.gxf3 g4 23.Nxc8 gxf3+
24.Kh2 fxe2 25.Ne7+ Kf7 26.Bxe2 Kxe7 27.Bh4+ Bf6 28.Bxh5 Rad8 29.Bxg6 Bxh4
30.Qh5 Rh8 31.Qxe5+ Ne6 32.Red1 Bg3+ 33.Kg2 Rdg8 34.Qd6+ Kf6 35.e5+ Kg5 36.Qxe6 Rxg6
37.Qg4+ Kh6 38.Rd6 Rg8 39.Rxg6+ Rxg6 40.Qxg6+ Kxg6 41.Rd1 Kf5 42.Rd7 b6 43.cxb6 axb6
44.Rd6 c5 45.Rxb6 cxb4 46.e6 bxa3 47.e7 a2 48.Ra6  1-0

[Event "Eger op"]
[Site "Eger"]
[Date "1992.??.??"]
[Round "?"]
[White "Petran, Pal"]
[Black "Seres, Lajos"]
[Result "1-0"]
[WhiteElo "2485"]
[BlackElo "2270"]

1.d4 Nf6 2.c4 g6 3.Nc3 d6 4.Nf3 Bg7 5.e4 O-O 6.Be2 e5 7.O-O Na6 8.Be3 Qe8
9.dxe5 dxe5 10.a3 Ng4 11.Bg5 f6 12.Bc1 Nc5 13.b4 Ne6 14.c5 Kh8 15.Bb2 Nh6
16.Bc4 Nf7 17.Qb3 Nfg5 18.Nxg5 Nxg5 19.Rad1 Be6 20.f3 Bxc4 21.Qxc4 Ne6 22.Nd5 Rd8
23.g3 c6 24.Ne3 Qe7 25.Qc2 Rxd1 26.Rxd1 Rd8 27.Nc4 Rxd1+ 28.Qxd1  1-0

[Event "NLD-ch sf"]
[Site "Enschede"]
[Date "1992.??.??"]
[Round "2"]
[White "Konings, Leon"]
[Black "Sziva, Erika"]
[Result "1-0"]
[WhiteElo "2240"]
[BlackElo "2245"]

1.d4 Nf6 2.c4 g6 3.Nc3 Bg7 4.e4 d6 5.Nf3 O-O 6.Be2 e5 7.Be3 Ng4 8.Bg5 f6
9.Bh4 Nc6 10.d5 Ne7 11.Nd2 h5 12.O-O c6 13.Rc1 c5 14.Rb1 Nh6 15.f3 b6 16.b4 f5
17.bxc5 bxc5 18.Qa4 Nf7 19.Rfd1 g5 20.Be1 f4 21.h3 Nh6 22.Qa3 Bf6 23.Bd3 Rf7
24.Kf1 Rg7 25.Ke2 Ng6 26.Bc2 Qe7 27.Ba4 a6 28.Bc6 Ra7 29.Bf2 Kh7 30.Na4 Qc7
31.Nb6 Bb7 32.Qa4 Nh4 33.Rg1 Bc8 34.Na8 Qe7 35.Nb6 Bb7 36.Be8 Nf7 37.Bd7 Nh6
38.Be6 Ng6 39.Bd7 Nf8 40.Be8 h4 41.Nb3 Qc7 42.Na5 Re7 43.Rb2 Qd8 44.Bc6 Bc8
45.Rgb1 Nd7 46.Nxc8 Qxc8 47.Be1 Qf8 48.Bb7 Nf5 49.Nc6 Nd4+ 50.Kd1 g4 51.Nxa7 gxh3
52.gxh3 Nxf3 53.Bc8 Qg7 54.Qc2 Qg1 55.Qf2 Qh1 56.Rb7 Nd4 57.Nc6 Rg7 58.Bxd7 Qxe4
59.Nxd4 cxd4 60.Qe2 Qg6 61.Be6 Kh6 62.Bd2 Qh7 63.Bc8  1-0

[Event "NLD-ch sf"]
[Site "Enschede"]
[Date "1992.??.??"]
[Round "6"]
[White "Pliester, Leon"]
[Black "Visser, Yge"]
[Result "0-1"]
[WhiteElo "2355"]
[BlackElo "2360"]

1.d4 Nf6 2.c4 g6 3.Nc3 Bg7 4.e4 d6 5.Nf3 O-O 6.Be2 Na6 7.O-O e5 8.Re1 c6
9.Bf1 exd4 10.Nxd4 Ng4 11.h3 Qb6 12.hxg4 Qxd4 13.Be3 Qe5 14.Qf3 Nc5 15.Bf4 Qe6
16.Rad1 Be5 17.Bxe5 dxe5 18.g5 a5 19.Rd2 f6 20.gxf6 Qxf6 21.Qxf6 Rxf6 22.Red1 Be6
23.f3 Rff8 24.Kf2 h5 25.Ke3 g5 26.Be2 h4 27.Nb1 Kf7 28.Na3 Ke7 29.Nc2 Rfd8
30.Ne1 Rxd2 31.Rxd2 Rh8 32.Nd3 Nxd3 33.Bxd3 Kd6 34.Bf1+ Kc5 35.b3 Kb4 36.Rd6 Re8
37.Kd2 Kc5 38.Rd3 g4 39.fxg4 Bxg4 40.Be2 Rg8 41.Bf1 Rf8 42.Ke1 Rf4 43.Re3 Kd4
44.Rd3+ Kc5 45.Re3 Kd4 46.Rd3+ Kxe4 47.Rd8 Ke3 48.Rd3+ Ke4 49.Rd8 Rf7 50.Rh8 Ke3
51.Rxh4 Rg7 52.Rh8 e4 53.Rd8 c5 54.Rd6 b6 55.a4 Rg8 56.Rd2 Rh8 57.Rd6 Rg8
58.Rd5 Rh8 59.Rg5 Kf4 60.Rg6 Rh1 61.Rxb6 e3 62.Rg6 e2 63.Rxg4+ Kxg4 64.Kxe2 Kg3
65.Ke1 Rh8 66.Kd2 Re8 67.Be2 Kxg2 68.Bh5 Re5 69.Bg4 Kg3 70.Bd1 Kf4 71.Bc2 Re3
72.Bd3 Rg3 73.Kc3 Ke5 74.Kc2 Kd4  0-1

[Event "ESP-chT"]
[Site "?"]
[Date "1992.??.??"]
[Round "8"]
[White "Mellado Trivino, Juan"]
[Black "Coret Frasquet, Jose"]
[Result "1-0"]
[WhiteElo "2390"]
[BlackElo "2290"]

1.d4 Nf6 2.c4 g6 3.Nc3 Bg7 4.e4 d6 5.Nf3 O-O 6.Be2 e5 7.dxe5 dxe5 8.Qxd8 Rxd8
9.Bg5 Re8 10.Nd5 Nxd5 11.cxd5 c6 12.Bc4 cxd5 13.Bxd5 Nc6 14.O-O-O Bg4 15.Kb1 Nd4
16.Nxd4 exd4 17.f3 Be6 18.Bxb7 Rab8 19.Ba6 Rb6 20.Bd3 Reb8 21.Rd2 Bf8 22.Bf4 R8b7
23.Ka1 Rb4 24.Rc1 Ra4 25.Bb1 Rb5 26.Rc7 g5 27.Bg3 h5 28.Rc6 Bg7 29.Bd6 h4
30.g3 hxg3 31.hxg3 Rb3 32.f4 Rxg3 33.f5 Bxa2 34.Rc8+ Kh7 35.Rh2+ Bh6 36.b3 Rxb3
37.Bxa2 Rc3 38.Rf8 d3 39.Rxf7+ Kg8 40.Rxa7+ Rxa2+ 41.Kxa2  1-0

[Event "FIN-chT"]
[Site "FIN"]
[Date "1992.??.??"]
[Round "?"]
[White "Paasikangas, Johanna"]
[Black "Alava, Mikko"]
[Result "0-1"]
[WhiteElo "2160"]
[BlackElo "2265"]

1.d4 Nf6 2.c4 g6 3.Nc3 Bg7 4.e4 d6 5.Nf3 O-O 6.Be2 Nbd7 7.O-O e5 8.dxe5 dxe5
9.Bg5 c6 10.Qd6 Re8 11.Rad1 Qe7 12.b4 h6 13.Qxe7 Rxe7 14.Be3 Re8 15.a4 Bf8
16.c5 a5 17.b5 Nxc5 18.Nd2 Ng4 19.Nc4 Nxe3 20.Nxe3 Be6 21.Nc4 Nb3 22.Nxe5 Bg7
23.f4 Bxe5 24.fxe5 Red8 25.Rd6 cxb5 26.Bxb5 Rac8 27.Nd5 Bxd5 28.Rxd5 Nc5
29.Rfd1 Rf8 30.Re1 Rc7 31.h4 Ne6 32.h5 Nf4 33.hxg6 Nxg6 34.Rf1 Re7 35.Rf5 Rc8
36.Rd7 Kg7 37.Rd5 Rc1+ 38.Kh2 Re1 39.Bd3 b6 40.Rb5 Re3 41.Bb1 Ra3 42.Bc2 Rc3
43.Bb3 Nxe5 44.Rxb6 Ng4+ 45.Kg1 Rc1+ 46.Rf1 Rxf1+ 47.Kxf1 Rxe4 48.Rb5 Re5
49.Rb7 Rf5+ 50.Kg1 Ne5 51.Bd1 Nc4 52.Be2 Ne3 53.Bf3 Rf4 54.Bc6 Rc4 55.Be8 Kf8
56.Bb5 Rc2 57.Ra7 Rxg2+ 58.Kh1 Ra2 59.Rxa5 f5 60.Ra8+ Kg7 61.Re8 f4 62.Re4 Ng2
63.Bc6 f3 64.Rg4+ Kf6 65.Bxf3 Ne3 66.Rb4 Ke5 67.Bc6 Nc2 68.Rb7 Nd4 69.Be8 Nf3
70.Rb5+ Kf4 71.Rh5 Kg3  0-1

[Event "Forli op"]
[Site "Forli"]
[Date "1992.??.??"]
[Round "1"]
[White "Arlandi, Ennio"]
[Black "Mauro, Alan"]
[Result "1-0"]
[WhiteElo "2435"]
[BlackElo "2230"]

1.d4 Nf6 2.c4 g6 3.Nc3 Bg7 4.e4 d6 5.Nf3 O-O 6.Be2 e5 7.O-O exd4 8.Nxd4 Re8
9.f3 c6 10.Kh1 Nbd7 11.Bg5 Qb6 12.Nb3 a5 13.Qd2 a4 14.Be3 Qb4 15.Nd4 Qa5
16.Nc2 d5 17.exd5 cxd5 18.b4 Qd8 19.Rad1 dxc4 20.Bxc4 Qc7 21.Bb5 Qe5 22.Bf4 Qh5
23.Bxa4 Ra6 24.Rfe1 Rxe1+ 25.Rxe1 Nf8 26.Bb3 Be6 27.Re5 Bf5 28.Re7 Bxc2 29.Bxf7+ Kh8
30.Qxc2 Qh4 31.b5 Ra3 32.Bd6 Rxc3 33.Qxc3 Ng8 34.Qe1 Nxe7  1-0

[Event "Forli op"]
[Site "Forli"]
[Date "1992.??.??"]
[Round "2"]
[White "Mileto, Gabriele"]
[Black "Lagrotteria, Salvatore"]
[Result "1/2-1/2"]
[WhiteElo "2240"]
[BlackElo "2250"]

1.d4 Nf6 2.c4 g6 3.Nc3 Bg7 4.e4 d6 5.Be2 O-O 6.Nf3 e5 7.O-O Na6 8.Be3 Ng4
9.Bg5 Qe8 10.h3 h6 11.Bc1 exd4 12.Nxd4 Nf6 13.Bf3 Nh7 14.h4 Qe7 15.g3 c6
16.Be3 Nf6 17.Re1 Kh7 18.Bf4 Nd7 19.Bg2  1/2-1/2